Plan de Acción de la empresa Amway para la penetración en el mercado nicaragüense, específicamente en el departamento de Managua en año 2014
Amway es una oportunidad de negocio global y un líder mundial en ventas directas, en América Latina Amway conforma un mercado común que permite a los empresarios Amway auspiciar de manera local nuestros prospectos expandiendo sus posibilidades de crecimiento y desarrollo en Nicaragua.
| Main Authors: | , , |
|---|---|
| Other Authors: | |
| Format: | Tesis Section = Libro |
| Language: | Undetermined Spanish |
| Published: |
Managua
UNI
2013
|
| Subjects: |
| LEADER | 01369nam a2200277Ia 4500 | ||
|---|---|---|---|
| 008 | 240830s9999 xx 000 0 und d | ||
| 040 | |a BIBLIOTECA-RUPAP T.Mon 658.82 T275 | ||
| 041 | |a spa | ||
| 082 | |a T.Mon 658.82 T275 | ||
| 100 | 1 | |a Téllez Martínez, Liud Jacqueline | |
| 100 | 1 | |b Duarte Alemán, Krupskaya De Los Ángeles | |
| 100 | 1 | |c Castillo González, Efraín Alexander | |
| 245 | 1 | 0 | |a Plan de Acción de la empresa Amway para la penetración en el mercado nicaragüense, específicamente en el departamento de Managua en año 2014 |
| 260 | |a Managua |b UNI |c 2013 | ||
| 300 | |a 32 p. :il. | ||
| 500 | |a Contiene: anexos e Incluye: CD. | ||
| 502 | |a Tesis (Ingeniero de Sistemas)- UNI, 2013. | ||
| 520 | 3 | |a Amway es una oportunidad de negocio global y un líder mundial en ventas directas, en América Latina Amway conforma un mercado común que permite a los empresarios Amway auspiciar de manera local nuestros prospectos expandiendo sus posibilidades de crecimiento y desarrollo en Nicaragua. | |
| 650 | 7 | |a DESARROLLO DE MERCADO - MERCADEO - VENTAS - PUBLICIDAD | |
| 650 | 7 | |b MERCADEO - PROMOCION DE VENTAS - NEGOCIO | |
| 650 | 7 | |c ANALISIS DE MERCADO - VENTA DE PRODUCTOS - MERCADO NICARAGUENSE | |
| 650 | 7 | |d ESTRATEGIA DE MERCADO | |
| 700 | 1 | |a Tutor: |b Machado Bello, Xiomara Argentina | |
| 942 | |c BK |2 ddc | ||
| 991 | |a TESIS | ||
| 999 | |c 18765 | ||